History Quiz

Random History or Country Quiz

Famous Fives: Figures From Europe Quiz Stats

 Plays Quiz Updated Sep 23, 2015

Challenge
Share
Tweet
Embed
Score 0/55 Timer 08:00
0 Plays Today
% Correct
Charles Darwin
96.7%
Karl Marx
93.7%
Albert Einstein
93.4%
Isaac Newton
92.4%
Martin Luther
90.1%
William Shakespeare
88.2%
Bono
88%
Johannes Gutenberg
86.7%
Ludwig van Beethoven
86.5%
Leonardo Da Vinci
85.4%
Coco Chanel
85.3%
Alfred Nobel
82.3%
Björn Borg
82.3%
Pythagoras
82.2%
Homer
82.1%
Oliver Cromwell
81.3%
Louis Pasteur
80.3%
Dante Alighieri
80.3%
Vincent van Gogh
79.9%
Victor Hugo
79.9%
Hans Christian Andersen
79.5%
Alexander Fleming
79.4%
Miguel de Cervantes
75.9%
James Joyce
74.8%
Alexander the Great
73.6%
Socrates
71.7%
Napoleon Bonaparte
71.6%
Peter O'Toole
71.5%
% Correct
Plato
68.2%
Pablo Picasso
66%
Ingmar Bergman
65%
Niels Bohr
64.3%
Giuseppe Verdi
63.1%
Galileo Galilei
62.4%
Marco Polo
59.7%
Salvador Dalí
59.6%
Mata Hari
59.1%
El Cid
59.1%
Søren Kierkegaard
57.9%
José Mourinho
57%
Molière
56.6%
Oscar Wilde
55.9%
Ingvar Kamprad
52.4%
Rembrandt
51.4%
Antoni Gaudí
50.2%
Mary Robinson
48.1%
Lars Von Trier
45.3%
António de Oliveira Salazar
43.3%
Jørn Utzon
38.1%
Olof Palme
37.2%
Pedro I
36.6%
Desiderius Erasmus
32%
Queen Juliana
27.8%
Vasco da Gama
26.8%
Henry the Navigator
20.6%

You're not logged in!

Compare scores with friends on all Sporcle quizzes.
OR
Log In

You Might Also Like...

Show Comments

Extras

Top Quizzes Today


Score Distribution

Your Account Isn't Verified!

In order to create a playlist on Sporcle, you need to verify the email address you used during registration. Go to your Sporcle Settings to finish the process.

Report this User

Report this user for behavior that violates our Community Guidelines.

Details: